MARC

LEADER 00000nam0a2200000 4500
001 88502
005 20231101213614.0
035 |a (RuTPU)RU\TPU\book\94986 
090 |a 88502 
100 |a 20051226d1976 m y0rusy50 ca 
101 0 |a rus 
102 |a RU 
105 |a a z 001zy 
200 1 |a Эксплуатация котельных установок на газообразном топливе  |f М. А. Волков, Т. И. Коротеев, В. А. Волков 
210 |a Москва  |c Стройиздат  |d 1976 
215 |a 239 с.  |c ил. 
225 1 |a Библиотека работника жилищно-коммунального хозяйства 
320 |a Библиогр.: с. 237 
606 1 |a Котельные установки газовые  |x Эксплуатация  |2 stltpush  |3 (RuTPU)RU\TPU\subj\16028  |9 42223 
610 1 |a котельные установки 
610 1 |a эксплуатация 
610 1 |a газообразное топливо 
610 1 |a сжигание 
610 1 |a автоматизация 
610 1 |a обслуживание 
675 |a 621.182.2-62  |v 3 
700 1 |a Волков  |b М. А.  |g Михаил Александрович 
701 1 |a Коротеев  |b Т. И.  |g Тихон Ильич 
701 1 |a Волков  |b В. А.  |g Виктор Александрович 
801 1 |a RU  |b 63413507  |c 20051226  |g PSBO 
801 2 |a RU  |b 63413507  |c 20180131  |g PSBO 
942 |c BK